000 00692nam a2200193 i 4500
001 29134
003 ES-MaACL
005 20251014063059.0
007 t|
008 030121s1873 fr ||||1| fre d
100 1 _aBarbet de Jouy, Henry,
_d1812-1896
_9125801
245 1 0 _aMusée National du Louvre
_b: description des sculptures moyen-âge et de la renaissance et des temps modernes /
_cHenry Barbet de Jouy.
260 _aParís :
_bCharles de Maurgres,
_c1873.
300 _a204 p. ;
_c18 cm.
610 2 4 _aMusée du Louvre.
_bDépartement des sculptures-
_vCatálogos.
_9158191
650 0 7 _aEscultura
_2embne
_912417
852 _aES-MaACL
_jD-1810
999 _c29134
_d29134